01445nam a2200325 a 4500001001000000003000900010005001700019008003400036040002300070082003000093100002700123245009100150260003400241300002800275490002100303500003100324500007300355504003200428650004100460650002600501650002600527700003000553710004500583910004800628942001200676952013400688952014000822952014000962999001701102000003529DO-SdBNP20231006090941.0090710s1980 dr a 000 0 spa d aBPMSU bspacBPMSU 4a370.97293bF363s 19802221 aFernández, Jorge Max10aSistema educativo dominicano :bdiagnóstico y perspectivas /cJorge Max Fernández. aSanto Domigo :bINTEC,c1980. a182 p. :bil. ;c21 cm.0 aEducación ,v1 aIncluye índice de tablas aIncluye referencias bibliográficas y notas al pie de las páginas aBibliografía : p. 171-179 4aEducación zRepública dominicana 4aDesarrollo educativo  4aPolítica educativa 1 aSalcé, Carmen,epról.2 aInstituto Tecnológico de Santo Domingo aVMateo V. /Validado. Control de calidad MFF 2ddccBK 00102ddc40708CDaBPMETbBPMETd2017-10-31eFUNDIl0oBPMSU CG 370.97293 F363s 1980pBPMSU17100192r2017-10-31w2017-10-31yBK 00102ddc40708CDaBPMETbBPMETd2017-10-31eFUNDIl0oBPMSU CG 370.97293 F363s 1980pBPMSU17100193r2017-10-31te. 2w2017-10-31yBK 00102ddc40708CDaBPMETbBPMETd2017-10-31eFUNDIl0oBPMSU CG 370.97293 F363s 1980pBPMSU17100194r2017-10-31te. 3w2017-10-31yBK c12732d12732